Statistiche per Quiz di cultura generale #35

Clicka qui per fare il quiz!

Statistiche generali

  • Questo quiz è stato fatto 309 volte
  • Il punteggio medio è 11 su 20

Statistiche sulle risposte

DOMANDARISPOSTA% Corretto
Città famosa per la sua torre pendentePisa
100%
Quanti gradi misura un angolo piatto?180
94%
Quanti lati ha un ennagono?9/Nove
91%
Una persona che soffre di agorafobia ha paura degli spazi...Aperti
87%
Quale EX-NAZIONE aveva carceri chiamate gulag?URSS/Unione Sovietica
77%
Fiore simbolo di FirenzeGiglio
75%
Controfigura di un attore che lo sostituisce in scene pericoloseStuntman
75%
Come si chiamava la residenza di Luigi XIV di Francia?Versailles
74%
Attuale re inglese (con il numero)Carlo III
68%
In inglese si dice advertising, in italiano?Pubblicità
66%
Conduttore che ha diretto per più volte Sanremo (cognome)Baudo
63%
Mare che bagna la PoloniaBaltico
59%
In latino è il caso del complemento di specificazioneGenitivo
50%
Branca della medicina che studia il sistema osseoOrtopedia
40%
Quale paese usa il baht come valuta?Thailandia
30%
Conduce Ballando con le stelle insieme a Milly CarlucciPaolo Belli/Belli
21%
Chi è stato l'unico re inglese ad aver abdicato volontariamente?Edoardo VIII
18%
Quale stato degli Stati Uniti è la "Land of Lincoln"?Illinois
16%
Attuale primo ministro inglese (febbraio 2023)Rishi Sunak/Sunak
14%
Magistrato supremo delle città etruscheLucumone
7%

Distribuzione punteggi

Percentile per numero di risposta

Percentuale di utenti per punteggio

I tuoi punteggi nel tempo

Non hai fatto questo quiz